00317nam a2200121Ia 4500008004100000100002900041245001800070260005300088300000800141650002200149942000700171999001700178190216s9999||||xx |||||||||||||| ||und|| aMahadeva Sasthirikal K S 0aAgni Pravesam b"Kamalalaya Printing Works, Thiruvanathap"c1953 a43p aMalayalam Kavitha cBK c24256d24256